00420 a2200121 4500100003200000245003600032300004100068650002200109773005500131942000700186952008800193999001700281 aSHAW, George Bernard926521 awhat is judicial independence?  aThursday, September 7, 2023 Pages 07 aJudiciary 9264090 x0855-1529dAccra Daily Graphic 2023tDaily Graphic cPR 001040718PRaPLbPLcTFEWd2023-09-14l0r2023-09-14 00:00:00t1w2023-09-14yPR c45915d45915